000 00750nam a2200205 a 4500
001 000023049
005 20200930021944.0
008 101125s1977 sp r 000 | spa d
040 _aDO-SdBNP
_bspa
_cBNPHU
082 _axxx
_bA823t
100 1 _aAshby, Eric
_947430
245 1 3 _aLa tecnología y los academicos :
_bensayo sobre las universidades y la revolución científica /
_cEric Ashby; traducción de Guillermo Indacoechea.
260 _aCaracas :
_bMonte Avila,
_c1977.
300 _a167 p. ;
_c19 cm.
500 _aIncluye notas al pie de páginas
534 _aTítulo original :
_tTechnology and the academics
730 0 _aTechnology and the academics
_lespañol
_947431
700 1 _aIndacoechea, Guillermo
_etr.
_947432
049 _aBNGR
999 _c22546
_d22546